000 00334 a2200121 4500
001 ART_10396
005 20260410161654.0
008 260409a
245 1 0 _aLa ley de la publicidad
100 1 _aRies, Al
700 1 _aRies, Laura
773 0 _tHarvard Deusto Business Review
_g- NÂș 99 (nov./dic. 2000)
_wREV521
999 _c14568
_d14568